V synagóge zriadili sklad obilnín, po prestavbe Dom umenia premeny Košíc

Bibliographic Details
Main Author: (sen) (Author)
Format: Article
Language:Slovak
PhysicalDescription:Fotografie
ISSN:1339-7605
Subjects:
Online Access:https://kosicednes.sk/historia/v-synagoge-zriadili-sklad-obilnin-po-prestavbe-dom-umenia/

MARC

LEADER 00000nab a2200000u 4500
001 vtls011829917
003 SK-MaSNL
005 20260304034550.0
008 181213|20181213xo ||||||| ||00 ||slo|
038 |a KEVKJB 
040 |a KEVKJB  |b slo  |e rda 
041 0 |a slo 
043 |a e-xo--- 
044 |a xo  |c SK 
072 7 |a 911  |x Všeobecná geografia. Systematická geografia  |2 konspekt 
080 |a 911.375(091)  |2 2011 
100 1 |a (sen)  |4 aut  |9 864357 
245 1 0 |a V synagóge zriadili sklad obilnín, po prestavbe Dom umenia  |b premeny Košíc  |c [autor] (SEN) 
300 |b Fotografie 
336 |a text  |b txt  |2 rdacontent 
337 |a bez média  |b n  |2 rdamedia 
338 |a zväzok  |b nc  |2 rdacarrier 
610 2 7 |a Dom umenia (Košice, Slovensko)  |2 kevkjb  |9 435819 
650 0 7 |a synagógy  |2 kevkjb  |9 3020 
650 0 7 |a historické budovy  |2 kevkjb  |9 31778 
650 0 7 |a dejiny miest  |2 kevkjb  |9 164833 
650 0 7 |a dobové fotografie  |2 kevkjb  |9 873477 
651 7 |a Košice (Slovensko)  |2 kevkjb  |9 18694 
773 0 |t KOŠICE:DNES  |g Roč. 5, č. 240 (13.12.2018), s. 16-17  |x 1339-7605 
852 |a KEVKJB  |b KIS3GCP 
856 4 1 |u https://kosicednes.sk/historia/v-synagoge-zriadili-sklad-obilnin-po-prestavbe-dom-umenia/ 
999 |c 2653775  |d 2655705